00673nam a22001577a 4500008004100000020001500041050001600056100002300072245005100095250001200146260004500158300002900203505024400232650001500476700002400491111123t xxu||||| |||| 00| 0 eng d a0256014477 aHB171.5.R83 aPorter, Richard C. aReview guide and workbook /cRichard C. Porter a4th ed. aIllinois:bRichard D. Irwin Inc.cc1973. aiv, 539p.:bills.c28cm. aContents: Basic economic concepts -- Income, employment, and prices -- Product pricing and resource allocation -- Factor pricing and income distribution -- The Public economy -- The International economy -- Economic growth and development. aEconomics. aStarleaf, Dennis R.